New Year's Day Taylor Swift lyrics - Statistics

General Stats
  • This quiz has been taken 1,761 times
  • The average score is 286 of 333
Answer Stats
Hint Answer % Correct
T the
99%
A a
98%
I I
98%
O on
98%
Y You
97%
Y you
97%
B be
95%
D Day
95%
I in
95%
N New
95%
Y Year's
95%
D Don't
94%
D don't
94%
M me
94%
A and
93%
A And
93%
F floor
93%
P party
93%
T there
93%
A after
92%
W with
91%
B but
90%
B But
90%
D down
90%
G Girls
90%
G glitter
90%
I I'll
90%
L lobby
90%
T There's
90%
T to
90%
Y your
90%
B bottles
89%
S shoes
89%
U up
89%
C can
88%
C cleaning
88%
T their
88%
C carrying
86%
L last
86%
W when
85%
P page
84%
R read
84%
W want
84%
E ever
83%
H hard
83%
I it's
83%
Y you're
83%
M midnights
82%
H Hold
81%
H hold
81%
N night
81%
P Please
81%
S stay
80%
T they
80%
B become
79%
F from
79%
L laugh
79%
M memories
79%
S stranger
79%
B before
78%
C could
78%
W will
78%
P polaroids
77%
O of
76%
A anywhere
75%
M my
74%
L long
73%
W whose
73%
C Candle
72%
H hardwood
72%
W wax
72%
B back
71%
R recognize
71%
T taxi
71%
O Or
70%
O or
70%
T that
70%
T tell
69%
H hand
68%
R road
68%
G going
67%
M making
67%
M mistakes
67%
T times
67%
A away
66%
I I'm
66%
T three
66%
F forevermore
65%
L lost
65%
I if
64%
W wrong
62%
S squeeze
60%
T turning
60%
B babe
59%
T town
59%
H home
57%
W we're
57%
S scared
56%
O out
52%
T toast
52%
S strike
43%
C crawling
40%
No matching quizzes found
Score Distribution
Percent of People with Each Score
Percentile by Number Answered
Your Score History
You have not taken this quiz